000 00598nam a2200193 i 4500
001 36977
003 ES-MaACL
005 20250817210122.0
007 t|
008 030219s1904 fr ||||1| fre d
080 _a821.133.1Renan, Ernest1.07
100 1 _aBrunetière, Ferdinand.
_932173
245 1 0 _aCinq lettres sur Ernest Renan /
_cFerdinand Brunetière.
260 _aParis :
_bPerrin,
_c1904 (
_fJ. Dumoulin)
300 _a102 p. ;
_c19 cm.
600 1 4 _aRenan, Ernest,
_d1823-1892-
_xCrítica e interpretación
_996169
852 _aES-MaACL
_jF-8424
999 _c36977
_d36977